000 00428nam a2200157Ia 4500
008 210716s2010 xx 000 0 und d
020 _a9780070145047
041 _aeng
082 _a658.7 RAYR
100 _aRay, Rjesh.
245 _aSupply chain management for retailing.
250 _a1
260 _aNew Delhi
_bTata McGraw Hill Publishing Company Ltd
_c2010
300 _axi,431
650 _aMaterials Management(658.7)
999 _c205356
_d205356